Music Quiz

Random Music or Rock Quiz

Rockers' Biggest Singles Quiz Stats

 Plays Quiz Updated Jan 24, 2019

Support Sporcle.
Go Orange.
Score 0/30 Timer 12:00
4 Plays Today
Artist Song % Correct
NirvanaSmells Like Teen Spirit
72.3%
OasisWonderwall
62.8%
Deep PurpleHush/Smoke On The Water
59.9%
Lynyrd SkynyrdSweet Home Alabama
58.1%
Guns 'n' RosesSweet Child O' Mine
57.5%
Pink FloydAnother Brick In The Wall Part II
56.6%
Alice CooperSchool's Out/Poison
56.3%
Van HalenJump
54.6%
Black SabbathIron Man
37.9%
Jimi HendrixAll Along The Watchtower
35%
Led ZeppelinWhole Lotta Love
33.9%
PoisonEvery Rose Has Its Thorn
33.2%
ZZ TopLegs/Sleeping Bag
32.9%
The Guess WhoAmerican Woman
31.9%
Neil YoungHeart Of Gold
26.5%
Artist Song % Correct
AerosmithI Don't Want To Miss A Thing
23.3%
KissBeth
22.7%
YesOwner Of A Lonely Heart
21.5%
BostonAmanda
17.6%
Bachman-Turner OverdriveYou Ain't Seen Nothing Yet
17.4%
The KinksCome Dancing / Tired of Waiting For You
11.5%
Pearl JamLast Kiss
11.2%
The WhoI Can See For Miles
7.1%
Van MorrisonDomino
6%
AC/DCMoneytalks
5%
Lita FordClose My Eyes Forever (with Ozzy Osbourne)
4%
MetallicaUntil It Sleeps
4%
Bob SegerShakedown
3.8%
Tom Petty & the HeartbreakersStop Draggin' My Heart Around (with Stevie Nicks)
3.2%
RushNew World Man
3.2%

From the Vault

School Subjects in Spanish

by gwukelic

Very helpful if you're going back to school in another country.
Remove Ads.
Support Sporcle.
Get the best of Sporcle when you Go Orange. This ad-free experience offers more features, more stats, and more fun while also helping to support Sporcle. Thank you for becoming a member.

Show Comments

Extras

Top Quizzes Today


Score Distribution

Your Account Isn't Verified!

In order to create a playlist on Sporcle, you need to verify the email address you used during registration. Go to your Sporcle Settings to finish the process.

Report this User

Report this user for behavior that violates our Community Guidelines.

Details: